Central Library OPAC University of Rajshahi

চৈতন্য-পরিক্রমা / (Record no. 40151)

MARC details
000 -LEADER
fixed length control field 00956nam a2200241 a 4500
001 - CONTROL NUMBER
control field 40151
003 - CONTROL NUMBER IDENTIFIER
rucl marc code BD-RjUL
005 - DATE AND TIME OF LATEST TRANSACTION
control field 20211209053140.0
008 - FIXED-LENGTH DATA ELEMENTS--GENERAL INFORMATION
fixed length control field 160423s1986 ii a|||| |||| 00| 0 ben d
020 ## - INTERNATIONAL STANDARD BOOK NUMBER
Terms of availability : IRs 30.00
035 ## - SYSTEM CONTROL NUMBER
System control number (BD-RjUL)40266
040 ## - CATALOGING SOURCE
Original cataloging agency BD-RjUL
Language of cataloging ben
Transcribing agency BD-RjUL
041 ## - LANGUAGE CODE
Language code of text/sound track or separate title ben
082 ## - DEWEY DECIMAL CLASSIFICATION NUMBER
Edition number 23
Classification number 294.5
Author mark and year CHA 1986
245 00 - TITLE STATEMENT
Title চৈতন্য-পরিক্রমা /
Statement of responsibility, etc. বরুণকুমার চক্রবর্তী সম্পাদিত
260 ## - PUBLICATION, DISTRIBUTION, ETC. (IMPRINT)
Place of publication, distribution, etc. কলকাতা :
Name of publisher, distributor, etc. খিদিরপুর হরিসভা,
Date of publication, distribution, etc. ১৯৮৬ [১৩৯৩]
300 ## - PHYSICAL DESCRIPTION
Pagination [১৬], ২৯৮ পৃ. :
Illustrations চিত্র ;
Size ২১ সেমি
600 ## - SUBJECT ADDED ENTRY--PERSONAL NAME
Personal name চৈতন্য
Dates associated with a name ১৪৮৬-১৫৩৪
Titles and other words associated with a name Chaitnya
Dates associated with a name 1486-1534
650 ## - SUBJECT ADDED ENTRY--TOPICAL TERM
General subdivision
9 (RLIN) 123619
700 ## - ADDED ENTRY--PERSONAL NAME
Personal name চক্রবর্তী, বরুণকুমার সম্পাদিত
942 ## - ADDED ENTRY ELEMENTS (KOHA)
Source of classification or shelving scheme Dewey Decimal Classification
Koha item type Books
Holdings
Lost status Source of classification or shelving scheme Damaged status Not for loan Collection code Permanent Location Current Location Shelving location Date acquired Source of acquisition Cost, normal purchase price Total Checkouts Full call number Date last seen Copy number Koha item type
  Dewey Decimal Classification     Non-fiction Central Library, University of Rajshahi Central Library, University of Rajshahi   17/12/1996 Onkur prokashoni 30.00   B 294.5 CHA 1986 23/04/2016 C-2 Books
  Dewey Decimal Classification   Not For Loan Non-fiction Central Library, University of Rajshahi Central Library, University of Rajshahi Reading Room 17/12/1996 Ankur Prokasoni, Dhaka 30.00   B 294.5 CHA 1986 07/12/2016 C-1 Books